Top 10 Countries with the most fast foods - Statistics

General Stats
  • This quiz has been taken 118 times
  • The average score is 7 of 10
Answer Stats
Rank Country % Correct
1 United States
100%
4 United Kingdom
95%
3 Canada
94%
2 France
90%
8 Germany
88%
6 Japan
85%
5 South Korea
71%
10 Sweden
51%
7 Austria
39%
9 Switzerland
36%
No matching quizzes found
Score Distribution
Percent of People with Each Score
Percentile by Number Answered
Your Score History
You have not taken this quiz